What Movie? Films From Above Quiz Stats

 Plays Quiz Updated Sep 30, 2015

Challenge
Share
Tweet
Score 0/26 Timer 08:00
1 Play Today
% Correct
King Kong
92%
Mission: Impossible
88.8%
The Fifth Element
64.8%
Rocky
64.8%
Sin City
62.9%
Dr. Strangelove or: How I Learned to Stop Worrying and Love the Bomb
50.4%
Guardians of the Galaxy
49.7%
Minority Report
49.3%
V for Vendetta
44.6%
Life of Pi
41.3%
Whiplash
40.9%
The Shining
40.3%
The Shawshank Redemption
39.7%
% Correct
District 9
37.6%
Django Unchained
32.4%
Run Lola Run
32.4%
Romeo + Juliet
32.3%
A Beautiful Mind
30%
Fury
30%
The Big Lebowski
28.5%
Shutter Island
26.8%
Les Misérables
18.6%
The Goonies
18.6%
The Sixth Sense
17.1%
Die Hard
12.7%
Dogville
7.2%

You're not logged in!

Compare scores with friends on all Sporcle quizzes.
OR
Log In

You Might Also Like...

Show Comments

Extras

Top Quizzes Today


Score Distribution

Your Account Isn't Verified!

In order to create a playlist on Sporcle, you need to verify the email address you used during registration. Go to your Sporcle Settings to finish the process.

Report this User

Report this user for behavior that violates our Community Guidelines.

Details: